Missing Word: Secret Rock Song Quiz Stats

 Plays Quiz Updated Jun 13, 2018

Challenge
Share
Tweet
Embed
Score 0/15 Timer 08:00
0 Plays Today
Lyrics Missing Lyric % Correct
Ain't got _____ distractions, can't hear ____ buzzers and bells.No
89.4%
And I was thinking to myself, 'This could be _____ or this could be hell.'Heaven
87.7%
You're my blue _____, you're my sunny day.Sky
77.2%
I know it's _____ rock and roll, but I like it.Only
75.1%
Sunset doesn't last _____ evening, a mind can blow those clouds away.All
69.9%
I've seen all good _____ turn their heads each day.People
64.4%
If _____ a bustle in your hedgerow, don't be alarmed now.There's
63.7%
Hey baby, there ain't no _____ way out.Easy
63.6%
Lyrics Missing Lyric % Correct
I got my bell, I'm gonna take you to _____.Hell
57.7%
Oh, put me in coach, I'm ready to play _____Today
52.4%
Don't _____ to take me to a disco.Try
47.7%
Buried deep _____ a thousand layers, lay the answer to it all.Below
34.6%
Have I told you there's no one else _____ you?Above
32%
I've gotta be forgivin' if I wanna spend my _____ with a long cool woman in a black dress.Living
29%
[Song Title] _____ _____ _____/It's _____ if you _____/No _____ _____ us/_____ us _____ _____/[Song Title] _____ the _____/_____ for _____Imagine
26.5%

Today's Daily Dose

You're not logged in!

Compare scores with friends on all Sporcle quizzes.
Join for Free
OR
Log In

You Might Also Like...

Show Comments

Extras

Top Quizzes Today


Score Distribution

Your Account Isn't Verified!

In order to create a playlist on Sporcle, you need to verify the email address you used during registration. Go to your Sporcle Settings to finish the process.

Report this User

Report this user for behavior that violates our Community Guidelines.

Details: